Lego Disney Characters - Statistics

General Stats
  • This quiz has been taken 109 times
    71 since last reset
  • The average score is 58 of 76
Answer Stats
Picture Answer % Correct
Donald Duck
100%
Mickey Mouse
100%
Minnie Mouse
100%
Goofy
97%
Peter Pan
97%
Lilo
95%
Pinocchio
95%
Stitch
95%
Captain Hook
92%
Daisy Duck
92%
Tinker Bell
92%
Ariel
89%
Buzz Lightyear
89%
Jasmine
89%
Snow White
89%
Tiana
89%
Woody
89%
Aladdin
86%
Anna
86%
Cinderella
86%
Elsa
86%
Genie
86%
Pocahontas
86%
Ursula
86%
Alice
84%
Beast
84%
Maleficent
84%
Moana
84%
Aurora
81%
Belle
81%
Cruella De Vil
81%
Hercules
81%
Jafar
81%
Jiminy Cricket
81%
Rapunzel
81%
Winnie the Pooh
81%
Baymax
78%
Mulan
78%
Prince Charming
78%
Robin Hood
78%
Bruno Madrigal
76%
Grumpy
76%
Hades
76%
Queen of Hearts
76%
Edna Mode
73%
Frozone
73%
Mr. Incredible
73%
Piglet
73%
Carl Fredricksen
70%
Evil Queen
70%
Flynn Ryder
70%
Jessie
70%
Dopey
68%
Gaston
68%
Geppetto
68%
Miguel Rivera
68%
Tigger
68%
Alien
65%
Bo Peep
65%
Happy
65%
Sleepy
65%
Syndrome
65%
Bashful
62%
Prince Naveen
62%
Cheshire Cat
59%
Doc
59%
Dr. Facilier
59%
Russell
59%
Sneezy
59%
Jack Skellington
57%
Rabbit
57%
Ernesto de la Cruz
54%
Sally
54%
Prince John
51%
Prince Florian
49%
LeFou
46%
No matching quizzes found
Score Distribution
Percent of People with Each Score
Percentile by Number Answered
Your Score History
You have not taken this quiz since the last reset